Supply Management and Procurement: From the Basics to Best-in-Class (Record no. 4012)

MARC details
005 - DATE AND TIME OF LATEST TRANSACTION
control field 20250613154024.0
020 ## - INTERNATIONAL STANDARD BOOK NUMBER
International Standard Book Number 978-81-315-2190-8
100 ## - MAIN ENTRY--PERSONAL NAME
Author name TURNER, R. W
245 ## - TITLE STATEMENT
Title Supply Management and Procurement: From the Basics to Best-in-Class
260 ## - PUBLICATION, DISTRIBUTION, ETC.
Place of publication, distribution, etc. New Delhi
Name of publisher, distributor, etc. CENGAGE Learning
Date of publication, distribution, etc. 2011
300 ## - PHYSICAL DESCRIPTION
Extent xiii, 257p.: ill; Chat, Figure, Table
Other physical details Index
Dimensions 23.5cm
942 ## - ADDED ENTRY ELEMENTS (KOHA)
Source of classification or shelving scheme Dewey Decimal Classification
Koha item type Books
Holdings
Date last seen Total checkouts Barcode Cost, replacement price Price effective from Koha item type Lost status Source of classification or shelving scheme Damaged status Not for loan Withdrawn status Home library Current library Shelving location Date acquired Source of acquisition Cost, normal purchase price
06/13/2025   MBY0003 270000.00 06/13/2025 Books   Dewey Decimal Classification       CBE MBEYA CBE MBEYA Special Reserve Collection 02/21/2025 Purchase 90000.00